• 首页
  • 本馆介绍
  • 公告通知
  • 最新文献
  • 馆藏检索
  • 电子资源
  • 读者导购
  • 参考咨询
  • 我的图书馆
  • 登录
  • 详细信息显示
  • 放入我的书架
  • 预约/预借图书
  • 作者相关作品
  • 分类相关作品
  • 丛书相关作品
  • 出版社相关作品

书目信息

  • 表格格式
  • 工作单格式
  • 卡片格式
题名:
第一哲学沉思集
    
 
作者: 笛卡尔 著 ;徐陶 译
分册:  
出版信息: 北京   九州出版社  2007
页数: 297页
开本: 23cm
丛书名: 西方学术经典文库
单 册:
中图分类: B565.21
科图分类:
主题词: 哲学理论 , 哲学理论--法国--近代
电子资源:
ISBN: 7-80195-563-3
000 01154oam2 2200313 450
001 003403618
005 20070806092047.46
010    @a7-80195-563-3@dCNY38.00
100    @a20070328d2007 em y0chiy0110 ea
101 2  @achi@aeng@cfre
102    @aCN@b110000
105    @ay z 000yy
200 1  @a第一哲学沉思集@9di yi zhe xue chen si ji@dMeditations on first philosophy@e英汉对照@f(法)勒内·笛卡儿(Rene Descartes)著@g徐陶译@zeng
210    @a北京@c九州出版社@d2007
215    @a297页@d23cm
225 2  @a西方学术经典文库
305    @a据Cambridge University Press 1993年版本译出
308    @a丛书第一辑
330    @a本书以英汉对照的形式出版了西方学术名著《第一哲学沉思集》,读者可以参照原文对作品有更加客观的理解,更好地把握西方学术思想的精髓。
461  0 @12001 @a西方学术经典文库
500 10 @a第一哲学沉思集@9di yi zhe xue chen si ji
510 1  @aMeditations on first philosophy@zeng
606 0  @a哲学理论
606 0  @a哲学理论@y法国@z近代
690    @aB565.21@v4
701  0 @c(法)@a笛卡尔@9di ka er@c(Descartes, René@f1596~1650)@4著
702  0 @a徐陶@9xu tao@4译
801  0 @aCN@bNLC@c20070806
905    @a10447@dB565.21@e58
    
    第一哲学沉思集=Meditations on first philosophy:英汉对照/(法)勒内·笛卡儿(Rene Descartes)著/徐陶译.-北京:九州出版社,2007
    297页;23cm.-(西方学术经典文库)
    
    
    ISBN 7-80195-563-3:CNY38.00
    本书以英汉对照的形式出版了西方学术名著《第一哲学沉思集》,读者可以参照原文对作品有更加客观的理解,更好地把握西方学术思想的精髓。
●
相关链接 在E读中查询图书 在五车中查询图书 在当当中查询图书 在豆瓣中查询图书


正题名:第一哲学沉思集     索取号:B565.21/58         预约/预借

序号 登录号 条形码 馆藏地/架位号 状态 备注
1 0806660   208066607   第一样本阅览室/ [索取号:B565.21/58] 在馆    
2 0806661   208066616   教育系资料室/ [索取号:B565.21/58] 在馆    
3 0806662   208066625   教育系资料室/ [索取号:B565.21/58] 在馆    
4 0806663   208066634   第一借阅区/ [索取号:B565.21/58] 在馆    
5 0806664   208066643   第一借阅区/ [索取号:B565.21/58] 在馆    
6 0806665   208066652   教育系资料室/ [索取号:B565.21/58] 在馆    
7 0806666   208066661   第一借阅区/ [索取号:B565.21/58] 在馆    
8 0806667   208066670   第一借阅区/ [索取号:B565.21/58] 在馆    
9 0806668   208066689   教育系资料室/ [索取号:B565.21/58] 在馆    
10 0806669   208066698   第一借阅区/ [索取号:B565.21/58] 在馆    
唐山师范学院图书馆 欢迎您!
大连网信软件有限公司© 版权所有